000 00687cam a22002533a 4500
001 14281
003 PGUSA
005 20140828083315.0
008 041206s2004||||xxu|||||s|||||000 p eng d
040 _aPGUSA
_beng
042 _adc
050 4 _aPS
100 1 _aWhitman, Walt,
_d1819-1892
245 1 0 _aGrashalmen
_h[electronic resource] /
_cWalt Whitman
260 _bProject Gutenberg,
_c2004
506 _aPublic domain in the USA.
516 _aElectronic text
653 _aPoetry
700 1 _aWagenvoort, Maurits,
_d1859-1944
740 0 _aLeaves of grass. Dutch
830 0 _aProject Gutenberg
_v14281
856 4 0 _uhttp://www.gutenberg.org/ebooks/14281
942 _cEB
999 _c243536
_d243536